Hosts of a FIFA World Cup - Statistics

General Stats
  • This quiz has been taken 50 times
  • The average score is 31 of 33
Answer Stats
Year Host % Correct
1978 Argentina
100%
2030* Argentina
100%
1934 Italy
100%
1990 Italy
100%
2022 Qatar
100%
1930 Uruguay
100%
2030* Uruguay
100%
1950 Brazil
98%
2014 Brazil
98%
2006 Germany
98%
2018 Russia
98%
1994 United States
98%
2026 United States
98%
1974 West Germany
98%
2026 Canada
95%
1938 France
95%
1998 France
95%
2002 South Korea
95%
1966 England
93%
2002 Japan
93%
1970 Mexico
93%
1986 Mexico
93%
2026 Mexico
93%
2010 South Africa
93%
1982 Spain
93%
2030 Spain
93%
1962 Chile
85%
2030 Portugal
85%
2034 Saudi Arabia
85%
1958 Sweden
83%
2030* Paraguay
78%
1954 Switzerland
78%
2030 Morocco
70%
No matching quizzes found
Score Distribution
Percent of People with Each Score
Percentile by Number Answered
Your Score History
You have not taken this quiz